| 000 | 00000nam 2200000zi 4500 |
| 001 | 9.948428 |
| 003 | CaOODSP |
| 005 | 20250528095729 |
| 006 | m o d f |
| 007 | cr mn||||||||| |
| 008 | 250226e20250226onc obs f000 0 eng d |
| 040 | |aCaOODSP|beng|erda|cCaOODSP |
| 043 | |an-cn--- |
| 045 | |ay1y1 |
| 086 | 1 |aCS36-28-0001/2025-2-1E-PDF |
| 100 | 1 |aLeanage, Allison, |eauthor. |
| 245 | 10|aUptake of the disability tax credit and the Canada Pension Plan or Quebec Pension Plan disability benefits among persons with disabilities in Canada / |cby Allison Leanage, Sung-Hee Jeon and Rubab Arim. |
| 264 | 1|a[Ottawa] : |bStatistics Canada = Statistique Canada, |cFebruary 26, 2025. |
| 264 | 4|c©2025 |
| 300 | |a1 online resource (16 pages). |
| 336 | |atext|btxt|2rdacontent |
| 337 | |acomputer|bc|2rdamedia |
| 338 | |aonline resource|bcr|2rdacarrier |
| 490 | 1 |aEconomic and social reports, |x2563-8955 ; |vv. 5, no. 2, February 2025 |
| 500 | |aIssued also in French under title: Recours au crédit d'impôt pour personnes handicapées et aux prestations d'invalidité du Régime de pensions du Canada ou du Régime de rentes du Québec chez les personnes ayant une incapacité au Canada. |
| 500 | |a"Catalogue no. 36-28-0001." |
| 500 | |a"Research article." |
| 504 | |aIncludes bibliographical references (pages 15-16). |
| 520 | 3 |a"Using the 2017 Canadian Survey on Disability (CSD) linked to the 2015 to 2017 T1 Family File, this study explored the uptake of the disability tax credit (DTC) and the Canada Pension Plan or Quebec Pension Plan (CPP/QPP) disability benefits among persons with disabilities, with a particular focus on their disability and sociodemographic characteristics. …"--Abstract, page 1. |
| 650 | 0|aPeople with disabilities|xTaxation|zCanada|vStatistics. |
| 650 | 0|aTax credits|zCanada|vStatistics. |
| 650 | 0|aDisability insurance|zCanada|vStatistics. |
| 655 | 7|aStatistics|2lcgft |
| 710 | 2 |aStatistics Canada, |eissuing body. |
| 775 | 08|tRecours au crédit d'impôt pour personnes handicapées et aux prestations d'invalidité du Régime de pensions du Canada ou du Régime de rentes du Québec chez les personnes ayant une incapacité au Canada / |w(CaOODSP)9.948429 |
| 830 | #0|aEconomic and social reports (Statistics Canada)|vv. 5, no. 2, February 2025.|w(CaOODSP)9.895760 |
| 856 | 40|qPDF|s701 KB|uhttps://publications.gc.ca/collections/collection_2025/statcan/36-28-0001/CS36-28-0001-2025-2-1-eng.pdf |
| 856 | 4 |qHTML|sN/A|uhttps://doi.org/10.25318/36280001202500200001-eng |
| 986 | |a36-28-0001 |